| 000 | 00432nam a2200145 i 4500 | ||
|---|---|---|---|
| 001 | 39555 | ||
| 003 | ES-MaACL | ||
| 007 | t| | ||
| 008 | 030303s1999 sp ||||1| spa d | ||
| 100 | 1 |
_aCanalejas Fustegueras, Leonor. _934384 |
|
| 245 | 1 | 4 |
_aLos Per-Alvarez _b: novela de costumbres españolas / _cpor Isidora Sevillano. |
| 260 |
_aBarcelona : _bAntonio López, _c1929. |
||
| 300 |
_a358 p. ; _c19 cm. |
||
| 852 |
_aES-MaACL _jB-4113 |
||
| 999 |
_c39555 _d39555 |
||